000 00652nam a2200217 4500
001 116089
003 ES-MaACL
005 20230906190630.0
007 t|
008 061121s1944 sp r ||||1| spa d
100 1 _aPater, Walter.
_989556
245 1 0 _aMario, el Epicúreo
_b: sus sensaciones y sus ideas /
_cWalter Pater ; traducción del inglés por Agustín Esclasans.
250 _a1ª ed.
260 _aBarcelona :
_bLauro,
_c1944.
300 _a254 p. ;
_c22 cm.
490 1 _aAve phoenix
700 1 _aEsclasans, Agustín.
_947545
830 0 _aAve phoenix
_9186362
852 _aES-MaACL
_jD-7702
_bR.30793
999 _c116089
_d116089